000 00679cam a22002653a 4500
001 27017
003 PGUSA
005 20140828083601.0
008 081024s2008||||xxu|||||s|||||000 | eng d
040 _aPGUSA
_beng
042 _adc
050 4 _aB
050 4 _aAC
100 1 _aYin, Wen,
_d-350--284
245 1 0 _a尹文子
_h[electronic resource] /
_cWen Yin
260 _bProject Gutenberg,
_c2008
506 _aPublic domain in the USA.
516 _aElectronic text
653 _aPhilosophy, Chinese
653 _aChinese classics
740 0 _aYin Wenzi
830 0 _aProject Gutenberg
_v27017
856 4 0 _uhttp://www.gutenberg.org/ebooks/27017
942 _cEB
999 _c256272
_d256272